Music Quiz

Random Music or Billboard Quiz

Billboard #1 Albums (1970s) Quiz Stats

 Plays Quiz Updated Oct 26, 2015

Score 0/127 Timer 15:00
9 Plays Today
Notable Song Album and Artist % Correct
'Come Together'Abbey Road - The Beatles
98.7%
'The Long and Winding Road'Let It Be - The Beatles
98.5%
'Hey Jude' (Greatest Hits)1967-1970 - The Beatles
98.2%
'Bennie and the Jets'Goodbye Yellow Brick Road - Elton John
92.9%
'Rocket Man (I Think It's Going to Be a Long, Long Time)'Honky Château - Elton John
92.8%
'Crocodile Rock'Don't Shoot Me I'm Only the Piano Player - Elton John
92.8%
'Someone Saved My Life Tonight'Captain Fantastic and the Brown Dirt Cowboy - Elton John
92.8%
'Don't Let the Sun Go Down on Me'Caribou - Elton John
92.8%
'Daniel' (Greatest Hits)Elton John's Greatest Hits - Elton John
92.8%
'Island Girl'Rock of the Westies - Elton John
92.8%
'Brown Sugar'Sticky Fingers - The Rolling Stones
91.2%
'Tumbling Dice'Exile on Main St. - The Rolling Stones
91.1%
'Angie'Goats Head Soup - The Rolling Stones
91.1%
'It's Only Rock 'n Roll (But I Like It)'It's Only Rock 'n' Roll - The Rolling Stones
91.1%
'Beast of Burden'Some Girls - The Rolling Stones
91.1%
'Fool to Cry'Black and Blue - The Rolling Stones
91%
'You're So Vain'No Secrets - Carly Simon
88.2%
'50 Ways to Leave Your Lover'Still Crazy After All These Years - Paul Simon
87.4%
'Immigrant Song'Led Zeppelin III - Led Zeppelin
87.3%
'Maggie May'Every Picture Tells a Story - Rod Stewart
86.9%
'Da Ya Think I'm Sexy?'Blondes Have More Fun - Rod Stewart
86.8%
'Stayin' Alive' (Soundtrack)Saturday Night Fever: The Original Movie Sound Track - Bee Gees and various artists
86.6%
'Whole Lotta Love'Led Zeppelin II - Led Zeppelin
86.6%
'The Song Remains the Same'Houses of the Holy - Led Zeppelin
86.6%
'Kashmir'Physical Graffiti - Led Zeppelin
86.5%
'Fool in the Rain'In Through the Out Door - Led Zeppelin
86.5%
'Achilles Last Stand'Presence - Led Zeppelin
86.5%
'Jet'Band on the Run - Paul McCartney and Wings
84.2%
'Little Lamb Dragonfly'Red Rose Speedway - Paul McCartney and Wings
84.2%
'Listen to What the Man Said'Venus and Mars - Wings
84.2%
'Silly Love Songs'Wings at the Speed of Sound - Wings
84.2%
'Maybe I'm Amazed' (Live Album)Wings Over America - Wings
84.2%
'Go Your Own Way'Rumours - Fleetwood Mac
83.8%
'Too Much Heaven'Spirits Having Flown - Bee Gees
83.8%
'Rhiannon'Fleetwood Mac - Fleetwood Mac
83.6%
'Life in the Fast Lane'Hotel California - Eagles
82.1%
'Heartache Tonight'The Long Run - Eagles
82.1%
'Lyin' Eyes'One of These Nights - Eagles
82.1%
'Witchy Woman' (Greatest Hits)Their Greatest Hits (1971-1975) - Eagles
82.1%
'California Girls' (Greatest Hits)Endless Summer - The Beach Boys
81%
'Money'The Dark Side of the Moon - Pink Floyd
79.4%
'Have a Cigar'Wish You Were Here - Pink Floyd
79.1%
'Maybe I'm Amazed'McCartney - Paul McCartney
78.7%
Notable Song Album and Artist % Correct
'Me and Bobby McGee'Pearl - Janis Joplin
78.1%
'The Boxer'Bridge Over Troubled Water - Simon & Garfunkel
76.8%
'You're the One That I Want' (Soundtrack)Grease: The Original Soundtrack from the Motion Picture - John Travolta, Olivia Newton-John, and various artists
76.7%
'My Sweet Lord'All Things Must Pass - George Harrison
76.1%
'I Shot the Sheriff'461 Ocean Boulevard - Eric Clapton
76%
'Give Me Love (Give Me Peace on Earth)'Living in the Material World - George Harrison
75.8%
'Medley (Star Spangled Banner/Purple Haze/Instrumental Solo)' (Soundtrack/Live Album)Woodstock: Music from the Original Soundtrack and More - Various Artists
75.8%
'Heart of Gold'Harvest - Neil Young
75.4%
'A Horse with No Name'America - America
74.5%
'No One to Depend On'Santana III - Santana
73.7%
'Black Magic Woman'Abraxas - Santana
72.9%
'Tangled Up in Blue'Blood on the Tracks - Bob Dylan
70.8%
'Hurricane'Desire - Bob Dylan
70.8%
'Forever Young'Planet Waves - Bob Dylan
70.7%
'Sir Duke'Songs in the Key of Life - Stevie Wonder
68.6%
'Boogie On Reggae Woman'Fulfillingness' First Finale - Stevie Wonder
68.5%
'Lookin' Out My Back Door'Cosmo's Factory - Creedence Clearwater Revival
68.5%
'Bad Company'Bad Company - Bad Company
67.7%
'Burning Love' (Live Album)Aloha from Hawaii: Via Satellite - Elvis Presley
67.4%
'Ohio' (Greatest Hits)So Far - Crosby, Stills & Nash
67.3%
'Jealous Guy'Imagine - John Lennon
67.2%
'Whatever Gets You thru the Night'Walls and Bridges - John Lennon
67.1%
'The Way We Were'The Way We Were - Barbra Streisand
66.4%
'Evergreen' (Soundtrack)A Star Is Born - Barbra Streisand
66.3%
'The Way We Were' (Greatest Hits)Barbra Streisand's Greatest Hits Vol. 2 - Barbra Streisand
66.2%
'Big Shot'52nd Street - Billy Joel
66%
'Teach Your Children'Déjà Vu - Crosby, Stills, Nash & Young
65.9%
'Suite: Judy Blue Eyes' (Live Album)4 Way Street - Crosby, Stills, Nash & Young
65.8%
'Feelin' Stronger Every Day'Chicago VI - Chicago
65.7%
'Saturday in the Park'Chicago V - Chicago
65.6%
'Call on Me'Chicago VII - Chicago
65.5%
'Brand New Love Affair, Part I & II'Chicago VIII - Chicago
65.5%
'Colour My World' (Greatest Hits)Chicago IX: Chicago's Greatest Hits - Chicago
65.5%
'My Sharona'Get the Knack - The Knack
65.4%
'Hot Stuff'Bad Girls - Donna Summer
64.2%
'MacArthur Park' (Live Album)Live and More - Donna Summer
64.2%
'Theme from 'Shaft'' (Soundtrack)Shaft - Isaac Hayes
63.4%
'Leaving on a Jet Plane' (Greatest Hits)John Denver's Greatest Hits - John Denver
62.3%
'Annie's Song'Back Home Again - John Denver
62.3%
'I'm Sorry'Windsong - John Denver
62.3%
'I Write the Songs' (Live Album)Barry Manilow Live - Barry Manilow
60.5%
'You Ain't Seen Nothing Yet'Not Fragile - Bachman-Turner Overdrive
59%
'Family Affair'There's a Riot Goin' On - Sly & the Family Stone
58.6%
Notable Song Album and Artist % Correct
'Baby, I Love Your Way' (Live Album)Frampton Comes Alive! - Peter Frampton
58%
'Time in a Bottle'You Don't Mess Around with Jim - Jim Croce
57.5%
'Rainy Days and Mondays' (Greatest Hits)The Singles: 1969–1973 - The Carpenters
57.4%
'The Logical Song'Breakfast in America - Supertramp
57.3%
'Ramblin' Man'Brothers and Sisters - The Allman Brothers Band
55.3%
'It's Too Late'Tapestry - Carole King
53.4%
'I Honestly Love You'If You Love Me, Let Me Know - Olivia Newton-John
53.3%
'The Air That I Breathe'Have You Never Been Mellow - Olivia Newton-John
53.2%
'What a Fool Believes'Minute by Minute - Doobie Brothers
53.2%
'No More Mr. Nice Guy'Billion Dollar Babies - Alice Cooper
53.2%
'Some Kind of Wonderful'Music - Carole King
52.6%
'Jazzman'Wrap Around Joy - Carole King
52.6%
'When Will I Be Loved'Heart Like a Wheel - Linda Ronstadt
52.2%
'Blue Bayou'Simple Dreams - Linda Ronstadt
52.2%
'Love Me Tender'Living in the USA - Linda Ronstadt
52.1%
'The First Time Ever I Saw Your Face'First Take - Roberta Flack
51.8%
'Dueling Banjos' (Partial Soundtrack)Dueling Banjos: From the Soundtrack 'Deliverance' - Eric Weissberg and Steve Mandell/Arthur Smith and Don Reno
48.1%
'You're the First, the Last, My Everything'Can't Get Enough - Barry White
47.8%
'Soul Man' (Live Album)Briefcase Full of Blues - Blues Brothers
46.3%
'Baker Street'City to City - Gerry Rafferty
44.6%
'Thick as a Brick, Part I'Thick as a Brick - Jethro Tull
43.5%
'A Passion Play, Part I'A Passion Play - Jethro Tull
43.4%
'Shining Star' (Soundtrack)That's the Way of the World - Earth, Wind & Fire
43.3%
'Sing a Song'Gratitude - Earth, Wind & Fire
43.2%
'Vincent'American Pie - Don McLean
42.9%
'Superfly' (Soundtrack)Super Fly - Curtis Mayfield
41.4%
'The Entertainer' (Soundtrack)The Sting - Various Artists
38.3%
'At Seventeen'Between the Lines - Janis Ian
36.1%
'I Don't Know How to Love Him' (Concept Album)Jesus Christ Superstar - Andrew Lloyd Webber & Tim Rice
34.9%
'I'm Just a Singer (In a Rock and Roll Band)'Seventh Sojourn - The Moody Blues
33%
'The Cisco Kid'The World Is a Ghetto - War
31.8%
'Strange Fruit' (Soundtrack)Lady Sings the Blues - Diana Ross
31.1%
'Pick Up the Pieces'AWB - Average White Band
27.6%
'Miracles'Red Octopus - Jefferson Starship
26.6%
'Carefree Highway'Sundown - Gordon Lightfoot
24%
'Feelin' Satisfied'Don't Look Back - Boston
23.3%
'Lucretia MacEvil'Blood, Sweat & Tears 3 - Blood, Sweat & Tears
22.7%
'This Masquerade'Breezin' - George Benson
19.7%
'Can't Keep It In'Catch Bull at Four - Cat Stevens
17.9%
'Fight the Power (Part 1 & 2)'The Heat Is On - The Isley Brothers
14%
'Smoke'Fire - Ohio Players
7.6%

You're not logged in!

Compare scores with friends on all Sporcle quizzes.
OR
Log In

Show Comments

Extras

Top Quizzes Today


Score Distribution

Your Account Isn't Verified!

In order to create a playlist on Sporcle, you need to verify the email address you used during registration. Go to your Sporcle Settings to finish the process.

Report this User

Report this user for behavior that violates our Community Guidelines.

Details: